CBA analýza zavedenia eHealth v SRN s aplikáciou na Slovenskú republiku.
Pojem eHealth. Príklady eHealth aplikácií vo svete (Dánsko, Rakúsko, Slovinsko, Česko, Nórsko). Príčiny zaostávania v elektronizácii verejnej správy v SR. Analýza eHealth v Spolkovej republike Nemecko. Similácia CBA analýzy eHealth systému v podmienkach SR.
Na minha lista:
| Autor principal: | |
|---|---|
| Outros Autores: | |
| Formato: | Capítulo de Livro |
| Idioma: | eslovaco |
| Assuntos: | |
| Tags: |
Sem tags, seja o primeiro a adicionar uma tag!
|
MARC
| LEADER | 00000naa a2200000 4500 | ||
|---|---|---|---|
| 001 | 0146572 | ||
| 005 | 20231204093030.3 | ||
| 041 | 0 | |a slo | |
| 044 | |a SK | ||
| 245 | 1 | 0 | |a CBA analýza zavedenia eHealth v SRN s aplikáciou na Slovenskú republiku. |c Viliam Vajda, Ján Vravec |
| 520 | |a Pojem eHealth. Príklady eHealth aplikácií vo svete (Dánsko, Rakúsko, Slovinsko, Česko, Nórsko). Príčiny zaostávania v elektronizácii verejnej správy v SR. Analýza eHealth v Spolkovej republike Nemecko. Similácia CBA analýzy eHealth systému v podmienkach SR. | ||
| 610 | 2 | 0 | |a Slovensko |
| 610 | 2 | 0 | |a technológie informačné |
| 610 | 2 | 0 | |a dokumentácia |
| 610 | 2 | 0 | |a starostlivosť zdravotná |
| 610 | 2 | 0 | |a elektronizácia |
| 610 | 2 | 0 | |a Nemecko |
| 610 | 2 | 0 | |a Slovensko |
| 100 | 1 | |a Vajda, Viliam | |
| 700 | 1 | |a Vravec, Ján | |